<?xml version="1.0" encoding="UTF-8"?>
<record
    xmlns:xsi="http://www.w3.org/2001/XMLSchema-instance"
    xsi:schemaLocation="http://www.loc.gov/MARC21/slim http://www.loc.gov/standards/marcxml/schema/MARC21slim.xsd"
    xmlns="http://www.loc.gov/MARC21/slim">

  <leader>01346cam a2200409 i 4500</leader>
  <datafield tag="999" ind1=" " ind2=" ">
    <subfield code="c">171516</subfield>
    <subfield code="d">171516</subfield>
  </datafield>
  <controlfield tag="001">vtls000853500</controlfield>
  <controlfield tag="003">PNM</controlfield>
  <controlfield tag="005">20190310143845.0</controlfield>
  <controlfield tag="008">180515t20182018my a   g      000 0 may  </controlfield>
  <datafield tag="015" ind1=" " ind2=" ">
    <subfield code="a">M18-14229</subfield>
  </datafield>
  <datafield tag="020" ind1=" " ind2=" ">
    <subfield code="a">9789672038665</subfield>
    <subfield code="q">paperback</subfield>
    <subfield code="c">RM20.00</subfield>
  </datafield>
  <datafield tag="039" ind1=" " ind2="9">
    <subfield code="a">201902130948</subfield>
    <subfield code="b">hazwani</subfield>
    <subfield code="c">201901221654</subfield>
    <subfield code="d">ndiana</subfield>
    <subfield code="c">201812201614</subfield>
    <subfield code="d">azeantie</subfield>
    <subfield code="c">201812041541</subfield>
    <subfield code="d">rasidah</subfield>
  </datafield>
  <datafield tag="040" ind1=" " ind2=" ">
    <subfield code="a">BNM</subfield>
    <subfield code="b">eng</subfield>
    <subfield code="c">BNM</subfield>
    <subfield code="d">PNM</subfield>
    <subfield code="d">PPAK</subfield>
    <subfield code="e">rda</subfield>
  </datafield>
  <datafield tag="049" ind1=" " ind2=" ">
    <subfield code="a">klpmal</subfield>
  </datafield>
  <datafield tag="082" ind1="0" ind2="4">
    <subfield code="a">808.882</subfield>
    <subfield code="2">23</subfield>
  </datafield>
  <datafield tag="090" ind1="0" ind2="0">
    <subfield code="a">808.882</subfield>
    <subfield code="b">AMI</subfield>
    <subfield code="d">G</subfield>
  </datafield>
  <datafield tag="100" ind1="0" ind2=" ">
    <subfield code="a">Amiza Khusyri Yusof,</subfield>
    <subfield code="d">1981-</subfield>
    <subfield code="e">author.</subfield>
  </datafield>
  <datafield tag="245" ind1="1" ind2="0">
    <subfield code="a">To My Dearest Family /</subfield>
    <subfield code="c">AMIZA KHUSYRI YUSOF</subfield>
  </datafield>
  <datafield tag="264" ind1=" " ind2="1">
    <subfield code="a">Batu Caves, Selangor :</subfield>
    <subfield code="b">Must Red Sdn. Bhd.,</subfield>
    <subfield code="c">2018</subfield>
  </datafield>
  <datafield tag="264" ind1=" " ind2="4">
    <subfield code="c">&#xA9;2018</subfield>
  </datafield>
  <datafield tag="300" ind1=" " ind2=" ">
    <subfield code="a">viii, 120 pages :</subfield>
    <subfield code="b">colour illustrations ;</subfield>
    <subfield code="c">19 cm</subfield>
  </datafield>
  <datafield tag="336" ind1=" " ind2=" ">
    <subfield code="a">text</subfield>
    <subfield code="2">rdacontent</subfield>
  </datafield>
  <datafield tag="337" ind1=" " ind2=" ">
    <subfield code="a">unmediated</subfield>
    <subfield code="2">rdamedia</subfield>
  </datafield>
  <datafield tag="338" ind1=" " ind2=" ">
    <subfield code="a">volume</subfield>
    <subfield code="2">rdacarrier</subfield>
  </datafield>
  <datafield tag="504" ind1=" " ind2=" ">
    <subfield code="a">Bibliography: pages 117-118</subfield>
  </datafield>
  <datafield tag="600" ind1="0" ind2="0">
    <subfield code="a">Amiza Khusyri Yusof,</subfield>
    <subfield code="d">1981-</subfield>
    <subfield code="v">Anecdotes</subfield>
  </datafield>
  <datafield tag="650" ind1="1" ind2="0">
    <subfield code="a">Anecdotes</subfield>
  </datafield>
  <datafield tag="650" ind1="2" ind2="0">
    <subfield code="a">Families</subfield>
    <subfield code="v">Anecdotes</subfield>
  </datafield>
  <datafield tag="942" ind1=" " ind2=" ">
    <subfield code="2">ddc</subfield>
    <subfield code="c">B</subfield>
  </datafield>
  <datafield tag="949" ind1=" " ind2=" ">
    <subfield code="6">1001399530</subfield>
    <subfield code="e">2595386</subfield>
    <subfield code="s">3712:20190213</subfield>
  </datafield>
  <datafield tag="949" ind1=" " ind2=" ">
    <subfield code="6">1001399531</subfield>
    <subfield code="e">2595387</subfield>
    <subfield code="s">3712:20190213</subfield>
  </datafield>
  <datafield tag="949" ind1=" " ind2=" ">
    <subfield code="6">1001399532</subfield>
    <subfield code="e">2595388</subfield>
    <subfield code="s">3712:20190213</subfield>
  </datafield>
  <datafield tag="949" ind1=" " ind2=" ">
    <subfield code="6">1001304504</subfield>
    <subfield code="e">2593453</subfield>
  </datafield>
  <datafield tag="949" ind1=" " ind2=" ">
    <subfield code="6">1001304505</subfield>
    <subfield code="e">2593454</subfield>
  </datafield>
  <datafield tag="949" ind1=" " ind2=" ">
    <subfield code="6">1001304506</subfield>
    <subfield code="e">2593455</subfield>
  </datafield>
  <datafield tag="949" ind1=" " ind2=" ">
    <subfield code="6">1001304507</subfield>
    <subfield code="e">2593456</subfield>
  </datafield>
  <datafield tag="952" ind1=" " ind2=" ">
    <subfield code="0">0</subfield>
    <subfield code="7">0</subfield>
    <subfield code="b">PPAK</subfield>
    <subfield code="c">G</subfield>
    <subfield code="d">2019-03-17</subfield>
    <subfield code="l">4</subfield>
    <subfield code="o">808.882 AMI</subfield>
    <subfield code="p">A01595022</subfield>
    <subfield code="r">2021-03-22 00:00:00</subfield>
    <subfield code="s">2021-02-22</subfield>
    <subfield code="y">B</subfield>
  </datafield>
  <datafield tag="952" ind1=" " ind2=" ">
    <subfield code="0">0</subfield>
    <subfield code="7">0</subfield>
    <subfield code="b">SP</subfield>
    <subfield code="c">G</subfield>
    <subfield code="d">2019-03-17</subfield>
    <subfield code="l">4</subfield>
    <subfield code="m">2</subfield>
    <subfield code="o">808.882 AMI</subfield>
    <subfield code="p">A01595023</subfield>
    <subfield code="r">2024-01-02 11:20:52</subfield>
    <subfield code="s">2023-12-09</subfield>
    <subfield code="y">B</subfield>
  </datafield>
  <datafield tag="952" ind1=" " ind2=" ">
    <subfield code="0">0</subfield>
    <subfield code="7">0</subfield>
    <subfield code="b">JT</subfield>
    <subfield code="c">G</subfield>
    <subfield code="d">2019-03-17</subfield>
    <subfield code="o">808.882 AMI</subfield>
    <subfield code="p">A01595024</subfield>
    <subfield code="r">2019-03-17 00:00:00</subfield>
    <subfield code="y">B</subfield>
  </datafield>
  <datafield tag="952" ind1=" " ind2=" ">
    <subfield code="0">0</subfield>
    <subfield code="7">0</subfield>
    <subfield code="b">LW</subfield>
    <subfield code="c">G</subfield>
    <subfield code="d">2019-03-17</subfield>
    <subfield code="o">808.882 AMI</subfield>
    <subfield code="p">A01595025</subfield>
    <subfield code="r">2019-03-17 00:00:00</subfield>
    <subfield code="y">B</subfield>
  </datafield>
  <datafield tag="952" ind1=" " ind2=" ">
    <subfield code="0">0</subfield>
    <subfield code="7">0</subfield>
    <subfield code="b">KM</subfield>
    <subfield code="c">G</subfield>
    <subfield code="d">2019-03-17</subfield>
    <subfield code="o">808.882 AMI</subfield>
    <subfield code="p">A01595026</subfield>
    <subfield code="r">2019-03-17 00:00:00</subfield>
    <subfield code="y">B</subfield>
  </datafield>
  <datafield tag="952" ind1=" " ind2=" ">
    <subfield code="0">0</subfield>
    <subfield code="7">0</subfield>
    <subfield code="b">BL</subfield>
    <subfield code="c">G</subfield>
    <subfield code="d">2019-03-17</subfield>
    <subfield code="o">808.882 AMI</subfield>
    <subfield code="p">A01595027</subfield>
    <subfield code="r">2019-03-17 00:00:00</subfield>
    <subfield code="y">B</subfield>
  </datafield>
  <datafield tag="952" ind1=" " ind2=" ">
    <subfield code="0">0</subfield>
    <subfield code="7">0</subfield>
    <subfield code="b">BB</subfield>
    <subfield code="c">G</subfield>
    <subfield code="d">2019-03-17</subfield>
    <subfield code="o">808.882 AMI</subfield>
    <subfield code="p">A01595028</subfield>
    <subfield code="r">2019-03-17 00:00:00</subfield>
    <subfield code="y">B</subfield>
  </datafield>
  <datafield tag="952" ind1=" " ind2=" ">
    <subfield code="0">0</subfield>
    <subfield code="7">0</subfield>
    <subfield code="b">MR</subfield>
    <subfield code="c">G</subfield>
    <subfield code="d">2019-03-17</subfield>
    <subfield code="o">808.882 AMI</subfield>
    <subfield code="p">A01595029</subfield>
    <subfield code="r">2019-03-17 00:00:00</subfield>
    <subfield code="y">B</subfield>
  </datafield>
  <datafield tag="952" ind1=" " ind2=" ">
    <subfield code="0">0</subfield>
    <subfield code="7">0</subfield>
    <subfield code="b">YN</subfield>
    <subfield code="c">G</subfield>
    <subfield code="d">2019-03-17</subfield>
    <subfield code="o">808.882 AMI</subfield>
    <subfield code="p">A01595030</subfield>
    <subfield code="r">2019-03-17 00:00:00</subfield>
    <subfield code="y">B</subfield>
  </datafield>
  <datafield tag="952" ind1=" " ind2=" ">
    <subfield code="0">0</subfield>
    <subfield code="7">0</subfield>
    <subfield code="b">SK</subfield>
    <subfield code="c">G</subfield>
    <subfield code="d">2019-03-17</subfield>
    <subfield code="l">1</subfield>
    <subfield code="o">808.882 AMI</subfield>
    <subfield code="p">A01595031</subfield>
    <subfield code="r">2019-09-10 00:00:00</subfield>
    <subfield code="s">2019-08-19</subfield>
    <subfield code="y">B</subfield>
  </datafield>
  <datafield tag="952" ind1=" " ind2=" ">
    <subfield code="0">0</subfield>
    <subfield code="7">0</subfield>
    <subfield code="b">KN</subfield>
    <subfield code="c">G</subfield>
    <subfield code="d">2019-03-17</subfield>
    <subfield code="o">808.882 AMI</subfield>
    <subfield code="p">A01595032</subfield>
    <subfield code="r">2019-03-17 00:00:00</subfield>
    <subfield code="y">B</subfield>
  </datafield>
  <datafield tag="952" ind1=" " ind2=" ">
    <subfield code="0">0</subfield>
    <subfield code="7">0</subfield>
    <subfield code="b">PG</subfield>
    <subfield code="c">G</subfield>
    <subfield code="d">2019-03-17</subfield>
    <subfield code="o">808.882 AMI</subfield>
    <subfield code="p">A01595033</subfield>
    <subfield code="r">2019-03-17 00:00:00</subfield>
    <subfield code="y">B</subfield>
  </datafield>
  <datafield tag="952" ind1=" " ind2=" ">
    <subfield code="0">0</subfield>
    <subfield code="7">0</subfield>
    <subfield code="b">B3</subfield>
    <subfield code="c">G</subfield>
    <subfield code="d">2019-03-17</subfield>
    <subfield code="o">808.882 AMI</subfield>
    <subfield code="p">A01595035</subfield>
    <subfield code="r">2019-03-17 00:00:00</subfield>
    <subfield code="y">B</subfield>
  </datafield>
  <datafield tag="952" ind1=" " ind2=" ">
    <subfield code="0">0</subfield>
    <subfield code="7">0</subfield>
    <subfield code="b">B4</subfield>
    <subfield code="c">G</subfield>
    <subfield code="d">2019-03-17</subfield>
    <subfield code="o">808.882 AMI</subfield>
    <subfield code="p">A01595036</subfield>
    <subfield code="r">2019-03-17 00:00:00</subfield>
    <subfield code="y">B</subfield>
  </datafield>
  <datafield tag="952" ind1=" " ind2=" ">
    <subfield code="0">0</subfield>
    <subfield code="7">0</subfield>
    <subfield code="b">B5</subfield>
    <subfield code="c">G</subfield>
    <subfield code="d">2019-03-17</subfield>
    <subfield code="o">808.882 AMI</subfield>
    <subfield code="p">A01595037</subfield>
    <subfield code="r">2019-03-17 00:00:00</subfield>
    <subfield code="y">B</subfield>
  </datafield>
  <datafield tag="952" ind1=" " ind2=" ">
    <subfield code="0">0</subfield>
    <subfield code="7">0</subfield>
    <subfield code="b">PD4</subfield>
    <subfield code="c">G</subfield>
    <subfield code="d">2019-03-17</subfield>
    <subfield code="o">808.882 AMI</subfield>
    <subfield code="p">A01595038</subfield>
    <subfield code="r">2019-03-17 00:00:00</subfield>
    <subfield code="y">B</subfield>
  </datafield>
  <datafield tag="952" ind1=" " ind2=" ">
    <subfield code="0">0</subfield>
    <subfield code="7">0</subfield>
    <subfield code="b">PD5</subfield>
    <subfield code="c">G</subfield>
    <subfield code="d">2019-03-17</subfield>
    <subfield code="o">808.882 AMI</subfield>
    <subfield code="p">A01595039</subfield>
    <subfield code="r">2019-03-17 00:00:00</subfield>
    <subfield code="y">B</subfield>
  </datafield>
  <datafield tag="952" ind1=" " ind2=" ">
    <subfield code="0">0</subfield>
    <subfield code="7">0</subfield>
    <subfield code="b">PD12</subfield>
    <subfield code="c">G</subfield>
    <subfield code="d">2019-03-17</subfield>
    <subfield code="o">808.882 AMI</subfield>
    <subfield code="p">A01595040</subfield>
    <subfield code="r">2019-03-17 00:00:00</subfield>
    <subfield code="y">B</subfield>
  </datafield>
  <datafield tag="952" ind1=" " ind2=" ">
    <subfield code="0">0</subfield>
    <subfield code="7">0</subfield>
    <subfield code="b">PD14</subfield>
    <subfield code="c">G</subfield>
    <subfield code="d">2019-03-17</subfield>
    <subfield code="o">808.882 AMI</subfield>
    <subfield code="p">A01595041</subfield>
    <subfield code="r">2019-03-17 00:00:00</subfield>
    <subfield code="y">B</subfield>
  </datafield>
  <datafield tag="952" ind1=" " ind2=" ">
    <subfield code="0">0</subfield>
    <subfield code="7">0</subfield>
    <subfield code="b">PD28</subfield>
    <subfield code="c">G</subfield>
    <subfield code="d">2019-03-17</subfield>
    <subfield code="o">808.882 AMI</subfield>
    <subfield code="p">A01595043</subfield>
    <subfield code="r">2019-03-17 00:00:00</subfield>
    <subfield code="y">B</subfield>
  </datafield>
  <datafield tag="952" ind1=" " ind2=" ">
    <subfield code="0">0</subfield>
    <subfield code="7">0</subfield>
    <subfield code="b">PD30</subfield>
    <subfield code="c">G</subfield>
    <subfield code="d">2019-03-17</subfield>
    <subfield code="o">808.882 AMI</subfield>
    <subfield code="p">A01595044</subfield>
    <subfield code="r">2019-03-17 00:00:00</subfield>
    <subfield code="y">B</subfield>
  </datafield>
  <datafield tag="952" ind1=" " ind2=" ">
    <subfield code="0">0</subfield>
    <subfield code="7">0</subfield>
    <subfield code="b">PD31</subfield>
    <subfield code="c">G</subfield>
    <subfield code="d">2019-03-17</subfield>
    <subfield code="o">808.882 AMI</subfield>
    <subfield code="p">A01595045</subfield>
    <subfield code="r">2019-03-17 00:00:00</subfield>
    <subfield code="y">B</subfield>
  </datafield>
  <datafield tag="952" ind1=" " ind2=" ">
    <subfield code="0">0</subfield>
    <subfield code="7">0</subfield>
    <subfield code="b">PD36</subfield>
    <subfield code="c">G</subfield>
    <subfield code="d">2019-03-17</subfield>
    <subfield code="o">808.882 AMI</subfield>
    <subfield code="p">A01595046</subfield>
    <subfield code="r">2019-03-17 00:00:00</subfield>
    <subfield code="y">B</subfield>
  </datafield>
</record>
